LDR 01215nam a2200289 i 4500 001 000000157833 003 CaOOAMICUS 005 20260427113830.0 008 070119s1989 it u000 u ita u 020 $a88-18-89011-5 040 $aSeMil$bita 100 1 $aWellman, Paul Iselin,$d<1895-1966>.$0(OLS)http://semarc/name/50528 240 10$aDeath in the desert.$0(OLS)http://semarc/title/178931 245 10$aGuerrieri nel deserto :$ble grandi guerre indiane con i bianchi /$cPaul I. Wellman. 264 1$aMilano :$bRusconi,$c1989. 300 $a252 p., [24] p. di tav. ;$c22 cm. 490 1 $aLa sacra pipa 650 4$aIndiani d'America - Storia - Sec. 19.$0(OLS)http://semarc/subject/22997 830 3$aLa sacra pipa.$0(OLS)http://semarc/title/14219 850 $aSeMil 852 $aSeMil$W1$xVenegono$y1$m3R IV 28$j271008$B109510$CSeMilBibl$Z2$F119048 $81 941 1 $a3 961 $aLascito: Colombo Card. Giovanni 996 $6020$a88-18-89011-5$9(OLS)http://semarc/number/107025 996 $6245$aGuerrieri nel deserto :$ble grandi guerre indiane con i bianchi$9(OLS)http://semarc/title/231551 996 $6264$aMilano :$bRusconi$9(OLS)http://semarc/publisher/30258